| 000 | 01078nam a22002175i 4500 | ||
|---|---|---|---|
| 001 | 157105 | ||
| 003 | ES-MaACL | ||
| 005 | 20250824063051.0 | ||
| 008 | 020402s1871 sp |||| | spa d | ||
| 040 |
_aCAM _bspa _cCAM |
||
| 100 | 1 |
_aLarra y Wetoret, Luis Mariano de, _d1830-1901 _970289 |
|
| 245 | 1 | 4 |
_aLos hijos de la costa _b: zarzuela en tres actos y en verso / _cletra de Luis Mariano de Larra ; musica de Miguel Marqués. |
| 260 |
_aMadrid : _b[s.n.], _c1871 ( _fImprenta de Jose Rodriguez) |
||
| 300 |
_a81 p. ; _c20 cm. |
||
| 500 | _aEn port.: Representada por primera vez en el Teatro de la Zarzuela el día 10 de febrero de 1871. | ||
| 500 | _aSolo la letra. | ||
| 596 | _aEn verso de la port. consta: "... Los comisionados de las Galerías Dramáticas y Líricas de Gullon é Hidalgo ..." | ||
| 700 | 1 |
_aMarqués, Miguel. _9129535 |
|
| 852 |
_aES-MaACL _jF-8608(2) _z-- Enc. pasta española _q-- Falto de la cub. original _z-- Enc. en un vol. facticio formando parte de la col. facticia "Teatro español moderno", vol. 63 |
||
| 999 |
_c157105 _d157105 |
||